| Tag |
First Indicator |
Second Indicator |
Subfields |
| LEADER |
00000cjm a2200000 a 4500 |
| 001 |
in00001404956 |
| 005 |
20151020064059.0 |
| 007 |
sd fungnn|||ee |
| 008 |
910808r19911964nyuppn eng d |
| 028 |
0 |
2 |
|a 82218-2
|b Atlantic Group
|
| 028 |
0 |
2 |
|a 7 82218-2
|b Atlantic Group
|
| 035 |
|
|
|a (OCoLC)24203293
|
| 035 |
|
|
|9 AHP4464AM
|
| 040 |
|
|
|a TLM
|c TLM
|d VRU
|d TXA
|d UtOrBLW
|
| 049 |
|
|
|a TXAV
|
| 090 |
|
|
|a M1630.18
|b .C66 1991 v.4
|
| 092 |
|
|
|a POP/ROCK
|b Coll
|
| 245 |
0 |
4 |
|a The Complete Stax/Volt singles, 1959-1968.
|n Volume 4.
|
| 264 |
|
1 |
|a New York :
|b Atlantic Group,
|c [1991]
|
| 264 |
|
4 |
|c ℗1991
|
| 300 |
|
|
|a 1 sound disc :
|b digital ;
|c 4 3/4 in.
|
| 336 |
|
|
|a performed music
|b prm
|2 rdacontent
|
| 337 |
|
|
|a audio
|b s
|2 rdamedia
|
| 338 |
|
|
|a audio disc
|b sd
|2 rdacarrier
|
| 500 |
|
|
|a Compact disc.
|
| 500 |
|
|
|a Atlantic Group: 82218-2 (container: 7 82218-2)
|
| 500 |
|
|
|a Soul music; originally released on Stax and Volt labels, 1964-65.
|
| 511 |
0 |
|
|a Various performers.
|
| 500 |
|
|
|a Booklet containing historical notes by Rob Bowman and Steve Greenberg, and details of the recordings (64 pages : ill., ports. ; 28 x 28 cm.) in box.
|
| 505 |
0 |
|
|a Jump back (Rufus Thomas) -- Chained and bound (Otis Redding) -- In my heart (Barbara & the Browns) -- Spunky (Johnny Jenkins) -- Bar-B-Q (Wendy Rene) -- The Sidewalk surf (Mad Lads) -- Can't be still (Booker T. & the MGs) -- A woman's love (Carla Thomas) -- Yank me (Doodle) (Baracudas) -- That's how strong my love is ; Mr. Pitiful (Otis Redding) -- Don't let her be your baby (Del-Rays) -- Can't see you when I want to (David Porter) -- My lover (Barbara & the Browns) -- Got you on my mind (The Admirals) -- How do you quit (someone you love) (Carla Thomas) -- Biggest fool in town (Georgeous George) -- Banana juice (Mar-Keys) -- Little Sally Walker (Rufus Thomas) -- A place nobody can find (Sam & Dave) ; (Sam & Dave) -- Boot-leg ; Outrage (Booker T. & the MGs) -- I've been loving you too long (to stop now) ; I'm depending on you (Otis Redding) -- Candy (Astors) -- Give you what I got (Wendy Rene)
|
| 500 |
|
|
|a Sound recording.
|
| 650 |
|
0 |
|a Popular music
|y 1961-1970.
|
| 650 |
|
0 |
|a Soul music
|y 1961-1970.
|
| 948 |
|
|
|a c:jlg
|
| 999 |
|
|
|a MARS
|
| 999 |
f |
f |
|s cf997ee8-0356-3f00-b7c6-a7781bd5bc43
|i 457289be-5187-3c89-890f-0e8a770d6fb6
|t 0
|
| 952 |
f |
f |
|p ric
|a Texas A&M University
|b Rellis Campus
|c Joint Library Facility
|d Remote Storage
|t 0
|e M1630.18 .C66 1991 v.4
|h Library of Congress classification
|i audio -- audio disc
|m A14830424702
|
| 952 |
f |
f |
|p ric
|a Texas A&M University
|b Rellis Campus
|c Joint Library Facility
|d Remote Storage
|t 0
|e M1630.18.C66 1991 v.4
|h Library of Congress classification
|i audio -- audio disc
|m A14822463409
|
| 998 |
f |
f |
|a M1630.18 .C66 1991 v.4
|t 0
|l Remote Storage
|
| 998 |
f |
f |
|a M1630.18.C66 1991 v.4
|t 0
|l Remote Storage
|